|
|
|
|
| LEADER |
01338nam a2200385 a 4500 |
| 001 |
000066924 |
| 003 |
CZ BrMZK |
| 005 |
20250811132847.0 |
| 007 |
ta |
| 008 |
950101s1996 xr g 000 m cze d |
| 015 |
|
|
|a cnb000146708
|
| 020 |
|
|
|a 80-7203-003-5
|
| 035 |
|
|
|a (OCoLC)84917194
|
| 040 |
|
|
|a BOA001
|b cze
|
| 072 |
|
7 |
|a 821.111
|x Anglická literatura, anglicky psaná
|2 Konspekt
|9 25
|
| 080 |
|
|
|a 821.111-3
|2 MRF
|
| 080 |
|
|
|a 821.111-1
|2 MRF
|
| 080 |
|
|
|a (0:82-3)
|2 MRF
|
| 080 |
|
|
|a (0:82-1)
|2 MRF
|
| 080 |
|
|
|a (082.21)
|2 MRF
|
| 100 |
1 |
|
|a Lennon, John,
|d 1940-1980
|7 jn19990004993
|4 aut
|
| 245 |
1 |
0 |
|a Písání /
|c John Lennon ; [z angličtiny přeložil Petr Kopet]
|
| 250 |
|
|
|a 1. vyd.
|
| 260 |
|
|
|a Praha :
|b Argo,
|c 1996
|
| 300 |
|
|
|a 105 s. :
|b il. ;
|c 20 cm
|
| 655 |
|
7 |
|a anglické prózy
|7 fd131812
|2 czenas
|
| 655 |
|
7 |
|a anglická poezie
|7 fd131807
|2 czenas
|
| 655 |
|
7 |
|a poezie nonsensu
|7 fd133046
|2 czenas
|
| 655 |
|
7 |
|a výbory
|7 fd133853
|2 czenas
|
| 700 |
1 |
|
|a Kopet, Petr
|7 pna2010582274
|4 trl
|
| 765 |
0 |
|
|t In his own write
|9 Česky
|
| 856 |
4 |
1 |
|u http://www.digitalniknihovna.cz/mzk/uuid/uuid:b5e40a10-3be4-11e3-ad71-005056827e52
|y Digitalizovaný dokument
|x NDK
|
| 910 |
|
|
|a BOA001
|b 2-1019.899
|
| 990 |
|
|
|a BK
|
| 996 |
6 |
|
|b 2610035701
|c 2-1019.899
|l MZK
|r Sklad / do 1 hodiny
|n 23
|p p.v.
|w 000066924
|u 000010
|a 1
|e BOA001
|j MZK50
|s P
|